Rubén Darío en París. Primeros encuentros
Guardat en:
| Autor principal: | |
|---|---|
| Format: | Desconegut |
| Publicat: |
Roma, Italia:
Universita Cattolica del Sacro Cuore,
|
| Etiquetes: |
Afegir etiqueta
Sense etiquetes, Sigues el primer a etiquetar aquest registre!
|
MARC
| LEADER | 000000000a22000000004500 | ||
|---|---|---|---|
| 001 | 001720 | ||
| 022 | |a 20351496 | ||
| 041 | 0 | |a Español | |
| 092 | 0 | |a Centroamericana | |
| 100 | 1 | |a Pailler, Claire | |
| 245 | 1 | 0 | |a Rubén Darío en París. Primeros encuentros |
| 260 | |a Roma, Italia: |b Universita Cattolica del Sacro Cuore, | ||
| 310 | |a anual | ||
| 773 | 0 | |t Centroamericana | |
| 773 | 0 | |g número 16 (2009) | |
| 773 | 0 | |g 1990- | |
| 773 | 0 | |g 69-87 páginas | |
| 999 | |c 2011 |d 2011 | ||
